Cyberpsychology : (Record no. 590616)

000 -LEADER
fixed length control field 01535cam a2200373 i 4500
001 - CONTROL NUMBER
control field 19466962
003 - CONTROL NUMBER IDENTIFIER
control field NUST
005 - DATE AND TIME OF LATEST TRANSACTION
control field 20220726095108.0
008 - FIXED-LENGTH DATA ELEMENTS--GENERAL INFORMATION
fixed length control field 170127s2017 enka b 001 0 eng
010 ## - LIBRARY OF CONGRESS CONTROL NUMBER
LC control number 2016049413
020 ## - INTERNATIONAL STANDARD BOOK NUMBER
International Standard Book Number 9781107102545 (hardback)
020 ## - INTERNATIONAL STANDARD BOOK NUMBER
International Standard Book Number 1107102545 (hardback)
020 ## - INTERNATIONAL STANDARD BOOK NUMBER
International Standard Book Number 9781107500556 (paperback)
020 ## - INTERNATIONAL STANDARD BOOK NUMBER
International Standard Book Number 1107500559 (paperback)
040 ## - CATALOGING SOURCE
Original cataloging agency DLC
Language of cataloging eng
Transcribing agency DLC
Description conventions rda
Modifying agency DLC
042 ## - AUTHENTICATION CODE
Authentication code pcc
050 00 - LIBRARY OF CONGRESS CALL NUMBER
Classification number QA76.9.H85
Item number N668 2017
082 00 - DEWEY DECIMAL CLASSIFICATION NUMBER
Classification number 004.019, NOR
Edition number 23
084 ## - OTHER CLASSIFICATION NUMBER
Classification number PSY003000
Number source bisacsh
100 1# - MAIN ENTRY--PERSONAL NAME
Personal name Norman, Kent L.,
Relator term author.
9 (RLIN) 95113
245 10 - TITLE STATEMENT
Title Cyberpsychology :
Remainder of title an introduction to human-computer interaction /
Statement of responsibility, etc. Kent L. Norman, University of Maryland.
250 ## - EDITION STATEMENT
Edition statement Second edition.
264 #1 - PRODUCTION, PUBLICATION, DISTRIBUTION, MANUFACTURE, AND COPYRIGHT NOTICE
Place of production, publication, distribution, manufacture Cambridge, United Kingdom ;
-- New York, NY, USA :
Name of producer, publisher, distributor, manufacturer Cambridge University Press,
Date of production, publication, distribution, manufacture, or copyright notice 2017.
300 ## - PHYSICAL DESCRIPTION
Extent xi, 544 pages :
Other physical details illustrations ;
Dimensions 26 cm
336 ## - CONTENT TYPE
Content type term text
Content type code txt
Source rdacontent
337 ## - MEDIA TYPE
Media type term unmediated
Media type code n
Source rdamedia
338 ## - CARRIER TYPE
Carrier type term volume
Carrier type code nc
Source rdacarrier
505 8# - FORMATTED CONTENTS NOTE
Formatted contents note Part I. Fundamentals (Page-1), Part II. Systems (Page-123),Part III. Relationships (Page-251),Part IV. Applications (Page-383).
650 #0 - SUBJECT ADDED ENTRY--TOPICAL TERM
Topical term or geographic name entry element Human-computer interaction.
650 #7 - SUBJECT ADDED ENTRY--TOPICAL TERM
Topical term or geographic name entry element PSYCHOLOGY / Applied Psychology.
Source of heading or term bisacsh
9 (RLIN) 95114
906 ## - LOCAL DATA ELEMENT F, LDF (RLIN)
a 7
b cbc
c orignew
d 1
e ecip
f 20
g y-gencatlg
942 ## - ADDED ENTRY ELEMENTS (KOHA)
Source of classification or shelving scheme
Koha item type Book
Holdings
Withdrawn status Lost status Source of classification or shelving scheme Damaged status Not for loan Permanent Location Current Location Shelving location Date acquired Total Checkouts Full call number Barcode Checked out Date last seen Date last checked out Price effective from Koha item type Public note
          Military College of Signals (MCS) Military College of Signals (MCS) General Stacks 07/26/2022 2 004.019,NOR MCS38465 08/14/2026 04/16/2026 04/16/2026 07/26/2022 Book Almirah Fresh No.43, Shelf No.3
© 2023 Central Library, National University of Sciences and Technology. All Rights Reserved.